South Carolina County Seats - Statistics

General Stats
  • This quiz has been taken 36 times
  • The average score is 35 of 46
Answer Stats
County County Seat % Correct
Charleston Charleston
100%
Greenville Greenville
100%
Aiken Aiken
96%
Richland Columbia
96%
Florence Florence
96%
Lexington Lexington
96%
Spartanburg Spartanburg
96%
Abbeville Abbeville
92%
Anderson Anderson
92%
Beaufort Beaufort
92%
Chester Chester
92%
Darlington Darlington
92%
Allendale Allendale
88%
Bamberg Bamberg
88%
Barnwell Barnwell
88%
Laurens Laurens
88%
Marion Marion
88%
Newberry Newberry
88%
Chesterfield Chesterfield
85%
Georgetown Georgetown
85%
Greenwood Greenwood
85%
Orangeburg Orangeburg
85%
Dorchester St. George
85%
Sumter Sumter
85%
York York
85%
Horry Conway
81%
Dillon Dillon
81%
Lancaster Lancaster
81%
Saluda Saluda
81%
Hampton Hampton
77%
Edgefield Edgefield
73%
McCormick McCormick
73%
Pickens Pickens
73%
Union Union
73%
Kershaw Camden
65%
Colleton Walterboro
54%
Calhoun St. Matthews
50%
Marlboro Bennettsville
46%
Lee Bishopville
46%
Berkeley Moncks Corner
46%
Jasper Ridgeland
46%
Williamsburg Kingstree
42%
Fairfield Winnsboro
42%
Cherokee Gaffney
35%
Oconee Walhalla
35%
Clarendon Manning
31%
No matching quizzes found
Score Distribution
Percent of People with Each Score
Percentile by Number Answered
Your Score History
You have not taken this quiz